000 00911cam a2200133 4500500
005 20251012042500.0
041 _afre
042 _adc
100 1 0 _aDereux veronique
_eauthor
245 0 0 _aL'éveil à la danse chez le jeune enfant : Pédagogie éducative et artistique
260 _bL'Harmattan,
_c2005.
520 _aSelon que l’intentionnalité du professeur de danse, de l’éducateur ou du thérapeute s’oriente vers l’enfant ou vers la danse, les moyens pédagogiques ne seront pas les mêmes. Nous voudrions mettre en avant l’importance d’une danse éducative. Cette réflexion portera sur l’être corporel du jeune enfant principalement, sans oublier les adolescents et les adultes, et plus particulièrement dans le champ de la danse contemporaine.
856 4 1 _uhttps://shs.cairn.info/leveil-a-la-danse-chez-le-jeune-enfant--9782747592956?lang=fr&redirect-ssocas=7080
999 _c1548801
_d1548801